Graffiti ninja /

Guardado en:
Autor Principal: Aguirre, Osvaldo
Formato: Libro
Publicado: Buenos Aires : Norma, 2013
Edición:2
Series:Zona Libre
Materias:
Etiquetas: Agregar Etiqueta
Sin Etiquetas, Sea el primero en etiquetar este registro!
LEADER 00840nam a22002775a 4500
001 CEM.cems014720
008 130507s2013##################000#0#####d
005 20211110165030.0
003 CEMS
245 1 0 |a Graffiti ninja /  |c Osvaldo Aguirre y Eduardo González 
250 |a 2 
260 |a Buenos Aires :  |b Norma,  |c 2013 
300 |a 160 p. 
490 0 |a Zona Libre 
590 |a 1313.016 
020 |a 9789875456358 
100 1 |a Aguirre, Osvaldo 
082 0 4 |a A863.4 
653 |a Novelas juveniles 
653 |a Argentina 
653 |a Literatura 
653 |a Literatura argentina siglo xxi 
653 |a Biblioteca TC 
859 |a CEMS  |b BIB. CEMS - 11 de abril  |h A863.4  |i Ag93-5  |p 27313.16  |t Ej.1  |v TC 
859 |a CEMS  |b BIB. CEMS - 11 de abril  |h A863.4  |i Ag93-5  |p 27314.16  |t Ej.2  |v TC 
859 |a CEMS  |b BIB. CEMS - 11 de abril  |h TC  |p 1313.016  |t Ej.3